Statistics for Fortnite Chapter 2 Season 6

Click here to take the quiz!

General Stats

  • This quiz has been taken 184 times
  • The average score is 7 of 10

Answer Stats

QuestionAnswer% Correct
What can you break to get mechanical parts?Cars
95%
There is a new POI in the middle of the map where the zero point was. What is this place called?The Spire
91%
Which one of these healing items got vaulted at the start of season 6?Chug Splashes
89%
What is Salty Towers called now?Boney Burbs
88%
You can craft primal guns with ___?Animal bones
77%
Which of these bows can you not craft?Makeshift Bow
67%
Which one of these shotguns got vaulted at the start of Chapter 2 Season 6?Charge Shotgun
65%
What is the name of the NPC who you can dual for an Epic Pump at Logjam Woodworks?Gutbomb
58%
Where are the Hop Rock Dualies sold?Logjam Woodworks
48%
Where does Cobb spawn on the mapRisky Reels
41%

Score Distribution

Percentile by Number Answered

Percent of People with Each Score

Your Score History

You have not taken this quiz